| 000 | 01063cam a2200301 a 4500 | ||
|---|---|---|---|
| 001 | 15826959 | ||
| 003 | OSt | ||
| 005 | 20150408113958.0 | ||
| 008 | 111213s20091999enk 000 1 eng d | ||
| 010 | _a | ||
| 020 | _a9780199555055 (pbk.) | ||
| 040 |
_aUKM _cMU |
||
| 042 | _alccopycat | ||
| 082 | 0 | 0 |
_a823.8 E G L _222 |
| 100 | 1 |
_aEliot, George, _d1819-1880. _96817 |
|
| 245 | 1 | 4 |
_aThe Lifted Veil ; _band, Brother Jacob / _cGeorge Eliot / edited with an introduction and notes by Helen Small. |
| 260 |
_aOxford ; _aNew York : _bOxford University Press, _c[2009] |
||
| 300 |
_ali, 104 p. ; _c20 cm. |
||
| 440 | 0 | _aOxford world's classics | |
| 655 | 0 |
_aPsychological fiction. _93935 |
|
| 655 | 7 |
_aOccult fiction. _2gsafd _96815 |
|
| 700 | 1 |
_aSmall, Helen. _97372 |
|
| 700 | 1 |
_aEliot, George, _d1819-1880. _tBrother Jacob. _98288 |
|
| 740 | 0 | 2 | _aBrother Jacob. |
| 906 |
_a7 _bcbc _ccopycat _d2 _encip _f20 _gy-gencatlg |
||
| 942 |
_2ddc _cDVD |
||
| 999 |
_c19711 _d254211 |
||